| 000 | 00790nam a2200157 a 4500 | ||
|---|---|---|---|
| 008 | 190618s2018 ||||||||||||||||| || u | ||
| 050 | _aUNECE(02)2018/18 | ||
| 110 | _aUnited Nations Economic Commission for Europe (UNECE) | ||
| 245 | 1 | 0 |
_aSummary of UNECE trade facilitation recommendations _cby United Nations Economic Commission for Europe [UNECE] |
| 260 |
_aGeneva: _bUnited Nations Economic Commission for Europe (UNECE) _c2018 |
||
| 300 | _avii, 17p.: | ||
| 650 | _aFOREIGN TRADE PROMOTION | ||
| 650 | 0 | _aINFORMATION TECHNOLOGY--ECONOMIC ASPECTS | |
| 650 | _aINTERNATIONAL TRADE--STANDARDS | ||
| 995 |
_FCBU-MAIN LIBRARY (Kitwe) _M1 _UAVAILABLE _WJun 18, 2019 _XUnited Nations Economic Commission for Europe _ZInternational Publications |
||
| 999 |
_c59084 _d59084 |
||